000 00378nam a22001577a 4500
003 MPLRDC
005 20220104114740.0
008 210129b ||||| |||| 00| 0 eng d
082 _a173.2 WHT
100 _a吴惠庭编译
245 _a青春男女的生理与心理
_c
260 _a
_b新力书局
_c
300 _b
650 _a青年心理学
942 _cBK
_o173.2 WHT
999 _c9923
_d9913